[Event "Titled Tuesday intern op 12th Mar Early"]
[Site "Chess.com INT"]
[Date "2024.03.12"]
[Round "1"]
[White "Atanasov, Anthony"]
[Black "Vasques, Antonio Pedro Freix"]
[Result "1-0"]
[WhiteElo "2407"]
[BlackElo "2228"]
[PlyCount "69"]
[EventDate "2024.03.12"]
[EventType "swiss (blitz)"]
[EventRounds "11"]
[EventCountry "USA"]
[SourceTitle "CB12_2024"]
[SourceDate "2023.10.01"]
[SourceVersion "1"]
[SourceVersionDate "2023.10.01"]
[SourceQuality "1"]

1. d4 Nf6 2. Nf3 e6 3. Bf4 c5 4. e3 d5 5. Nbd2 Nc6 6. c3 Qb6 7. Qc2 cxd4 8. exd4 Bd7 9. Bd3 Rc8 10. Qb1 Be7 11. h4 h6 12. h5 Ng4 13. Bg3 Bf6 14. 0-0 0-0 15. Re1 Rfe8 16. Nb3 e5 17. Nc5 Be6 18. Nxe6 fxe6 19. dxe5 Be7 20. Bh7+ Kh8 21. Qg6 Bc5 22. Qxg4 Kxh7 23. b4 Bf8 24. Qg6+ Kh8 25. Re3 d4 26. cxd4 Nxd4 27. Nxd4 Qxd4 28. Rae1 Bxb4 29. R1e2 Bc5 30. Re4 Qd3 31. Bf4 Bf8 32. R2e3 Qd1+ 33. Kh2 Rc1 34. Qxe8 Qxh5+ 35. Qxh5 1-0

[Event "Titled Tuesday intern op 12th Mar Early"]
[Site "Chess.com INT"]
[Date "2024.03.12"]
[Round "3"]
[White "Vasques, Antonio Pedro Freix"]
[Black "Vantika, Agrawal"]
[Result "0-1"]
[WhiteElo "2228"]
[BlackElo "2398"]
[PlyCount "40"]
[EventDate "2024.03.12"]
[EventType "swiss (blitz)"]
[EventRounds "11"]
[EventCountry "USA"]
[SourceTitle "CB12_2024"]
[SourceDate "2023.10.01"]
[SourceVersion "1"]
[SourceVersionDate "2023.10.01"]
[SourceQuality "1"]

1. g3 Nf6 2. Bg2 g6 3. Nf3 Bg7 4. d4 0-0 5. 0-0 d6 6. c4 Nbd7 7. Nc3 e5 8. Qc2 exd4 9. Nxd4 Nb6 10. b3 c5 11. Nf3 Bf5 12. Qd1 d5 13. Bb2 d4 14. Nb1 Re8 15. Re1 Ne4 16. Qc1 Qe7 17. Nfd2 Nxf2 18. Kxf2 Qe3+ 19. Kf1 d3 20. Bf3 Bh3+ 0-1

[Event "Titled Tuesday intern op 26th Sep Early"]
[Site "Chess.com INT"]
[Date "2023.09.26"]
[Round "3"]
[White "Vasques, Antonio Pedro Freix"]
[Black "Stijve, Theo"]
[Result "0-1"]
[WhiteElo "2229"]
[BlackElo "2337"]
[PlyCount "102"]
[EventDate "2023.09.26"]
[EventType "swiss (blitz)"]
[EventRounds "11"]
[EventCountry "USA"]
[SourceTitle "EXT 2024"]
[Source "ChessBase"]
[SourceDate "2023.10.10"]
[SourceVersion "1"]
[SourceVersionDate "2023.10.10"]
[SourceQuality "1"]

1. e4 c5 2. Nc3 e6 3. Nf3 Nc6 4. d4 cxd4 5. Nxd4 Qc7 6. Be3 a6 7. f3 Nf6 8. Qd2 Be7 9. 0-0-0 b5 10. Kb1 Bb7 11. g4 Nxd4 12. Bxd4 0-0 13. h4 d5 14. g5 Nh5 15. exd5 b4 16. d6 bxc3 17. dxc7 cxd2 18. Rxd2 Rac8 19. Be5 f6 20. gxf6 Bxf6 21. Bd6 Rf7 22. Bh3 Rfxc7 23. Bxe6+ Kh8 24. Bxc7 Rxc7 25. Rd7 Rxd7 26. Bxd7 Bxf3 27. Re1 g6 28. Bc8 Bxh4 29. Re8+ Kg7 30. Bxa6 g5 31. c4 g4 32. c5 g3 33. Bf1 g2 34. Bxg2 Bxg2 35. b4 Nf6 36. Re2 Bf3 37. Re3 Be4+ 38. Kb2 Bf2 39. Rh3 h5 40. a4 h4 41. a5 Bg2 42. Rh2 h3 43. a6 Ng4 44. Rxh3 Bxh3 45. c6 Bb6 46. Kb3 Bg2 47. b5 Ne5 48. Kb4 Kf6 49. c7 Bxc7 50. Kc5 Nd7+ 51. Kc4 Bb6 0-1

[Event "Titled Tuesday intern op 19th Sep Early"]
[Site "Chess.com INT"]
[Date "2023.09.19"]
[Round "3"]
[White "Galchenko, Matvey"]
[Black "Vasques, Antonio Pedro Freix"]
[Result "1-0"]
[WhiteElo "2438"]
[BlackElo "2229"]
[PlyCount "93"]
[EventDate "2023.09.19"]
[EventType "swiss (blitz)"]
[EventRounds "11"]
[EventCountry "USA"]
[SourceTitle "EXT 2024"]
[Source "ChessBase"]
[SourceDate "2023.10.10"]
[SourceVersion "1"]
[SourceVersionDate "2023.10.10"]
[SourceQuality "1"]

1. f4 d5 2. Nf3 c5 3. g3 Nc6 4. Bg2 Nf6 5. 0-0 e6 6. d3 Be7 7. Nc3 Qc7 8. e4 dxe4 9. dxe4 Nd4 10. e5 Ng4 11. Nxd4 cxd4 12. Nb5 Qb6 13. Nxd4 h5 14. c3 Bd7 15. h3 Nh6 16. Be3 Rd8 17. Qb3 Bc5 18. Qxb6 Bxb6 19. Bxb7 Rb8 20. Bg2 Bxd4 21. Bxd4 Rxb2 22. Bxa7 0-0 23. Rf2 Rb5 24. Rd2 Bc8 25. a4 Ra5 26. Bb6 Ra6 27. a5 Nf5 28. g4 hxg4 29. hxg4 Nh6 30. Bf3 f6 31. exf6 gxf6 32. Kf2 Nf7 33. Re1 e5 34. f5 Ng5 35. Bd5+ Kg7 36. Bc4 Ra8 37. Bd5 Ra6 38. Rh1 e4 39. Ke3 Bd7 40. Bc4 Bc8 41. Bxa6 Bxa6 42. Rd7+ Rf7 43. Rxf7+ Kxf7 44. Rd1 Ke7 45. Bc5+ Ke8 46. Rd6 Nf7 47. Rxa6 1-0

[Event "Titled Tuesday intern op 15th Aug Early"]
[Site "Chess.com INT"]
[Date "2023.08.15"]
[Round "3"]
[White "Keleberda, Timur"]
[Black "Vasques, Antonio Pedro Freix"]
[Result "0-1"]
[WhiteElo "2301"]
[BlackElo "2238"]
[PlyCount "42"]
[EventDate "2023.08.15"]
[EventType "swiss (blitz)"]
[EventRounds "11"]
[EventCountry "USA"]
[SourceTitle "EXT 2024"]
[Source "ChessBase"]
[SourceDate "2023.10.10"]
[SourceVersion "1"]
[SourceVersionDate "2023.10.10"]
[SourceQuality "1"]

1. e4 c5 2. Nf3 d6 3. c3 Nf6 4. h3 Nc6 5. Bd3 g5 6. 0-0 g4 7. hxg4 Bxg4 8. Bc2 Ne5 9. d4 Nxf3+ 10. gxf3 Bh3 11. Ba4+ Nd7 12. Re1 e6 13. Bxd7+ Kxd7 14. Qa4+ Kc7 15. Bf4 Rg8+ 16. Bg3 Qh4 17. Kh2 Qh5 18. Rh1 Qxf3 19. Kxh3 Qxh1+ 20. Bh2 Qg2+ 21. Kh4 Qg4# 0-1

[Event "Titled Tuesday intern op 15th Aug Early"]
[Site "Chess.com INT"]
[Date "2023.08.15"]
[Round "4"]
[White "Vasques, Antonio Pedro Freix"]
[Black "Nefedov, Sergey Anatolievich"]
[Result "0-1"]
[WhiteElo "2238"]
[BlackElo "2258"]
[PlyCount "84"]
[EventDate "2023.08.15"]
[EventType "swiss (blitz)"]
[EventRounds "11"]
[EventCountry "USA"]
[SourceTitle "EXT 2024"]
[Source "ChessBase"]
[SourceDate "2023.10.10"]
[SourceVersion "1"]
[SourceVersionDate "2023.10.10"]
[SourceQuality "1"]

1. e4 d5 2. exd5 Qxd5 3. Nc3 Qd8 4. Bc4 Nf6 5. Nf3 g6 6. b3 Bg7 7. Bb2 0-0 8. Qe2 a6 9. a4 Nc6 10. 0-0 Bg4 11. Ne4 Nxe4 12. Bxg7 Bxf3 13. Qxf3 Nxd2 14. Qc3 Nxf1 15. Bxf8 Qxf8 16. Rxf1 Rd8 17. Bxa6 Nd4 18. Bd3 c6 19. Re1 e6 20. Qa5 Nxb3 21. Qb6 Nc5 22. a5 Nxd3 23. cxd3 Rd7 24. d4 Qd8 25. Qb4 Rxd4 26. Qxb7 Qxa5 27. Rc1 Qd5 28. h3 c5 29. Qc8+ Kg7 30. Qxc5 Rd1+ 31. Kh2 Qxc5 32. Rxc5 Rd2 33. f3 Kf6 34. Kg3 g5 35. Ra5 h5 36. Kh2 e5 37. Ra4 Kf5 38. Kg3 f6 39. h4 Rd4 40. Rxd4 exd4 41. hxg5 fxg5 42. Kf2 h4 0-1

[Event "Titled Tuesday intern op 15th Aug Late"]
[Site "Chess.com INT"]
[Date "2023.08.15"]
[Round "3"]
[White "Vasques, Antonio Pedro Freix"]
[Black "Nefedov, Sergey Anatolievich"]
[Result "1-0"]
[WhiteElo "2238"]
[BlackElo "2258"]
[PlyCount "75"]
[EventDate "2023.08.15"]
[EventType "swiss (blitz)"]
[EventRounds "11"]
[EventCountry "USA"]
[SourceTitle "EXT 2024"]
[Source "ChessBase"]
[SourceDate "2023.10.10"]
[SourceVersion "1"]
[SourceVersionDate "2023.10.10"]
[SourceQuality "1"]

1. e4 d5 2. exd5 Qxd5 3. Nc3 Qd8 4. d4 Nf6 5. Bc4 c6 6. Nf3 Nd5 7. Bd2 Bg4 8. h3 Bh5 9. g4 Bg6 10. Ne5 e6 11. Qe2 Be7 12. 0-0-0 Nd7 13. Nxd5 exd5 14. Bd3 Bxd3 15. Qxd3 Nxe5 16. dxe5 Qd7 17. f4 0-0-0 18. f5 Bc5 19. Bf4 Rde8 20. Rde1 d4 21. Re4 Qd5 22. Kb1 h5 23. g5 g6 24. fxg6 fxg6 25. Rhe1 Re6 26. Bc1 Rf8 27. Rf4 Rxf4 28. Bxf4 Bb6 29. Rf1 c5 30. Bg3 c4 31. Qa3 Bc5 32. Qa5 d3 33. Rf8+ Kd7 34. Rd8+ Kc6 35. Qa4+ b5 36. Qa6+ Kc7 37. Qc8+ Kb6 38. Rxd5 1-0

[Event "Titled Tuesday intern op 15th Aug Early"]
[Site "Chess.com INT"]
[Date "2023.08.15"]
[Round "2"]
[White "Vasques, Antonio Pedro Freix"]
[Black "Sahakyan, Aleks"]
[Result "0-1"]
[WhiteElo "2238"]
[BlackElo "2243"]
[PlyCount "58"]
[EventDate "2023.08.15"]
[EventType "swiss (blitz)"]
[EventRounds "11"]
[EventCountry "USA"]
[SourceTitle "EXT 2024"]
[Source "ChessBase"]
[SourceDate "2023.10.10"]
[SourceVersion "1"]
[SourceVersionDate "2023.10.10"]
[SourceQuality "1"]

1. e4 c5 2. Nc3 Nc6 3. Bb5 Nd4 4. Nf3 a6 5. Bd3 e6 6. 0-0 Nc6 7. Re1 g5 8. h3 Bg7 9. e5 Qc7 10. Ne4 Nxe5 11. Nxe5 Bxe5 12. Nxg5 Nf6 13. Qf3 Bh2+ 14. Kh1 Qf4 15. g3 Qxg5 16. Kxh2 h5 17. h4 Ng4+ 18. Kg2 Qg7 19. Be4 0-0 20. Bxb7 Bxb7 21. Qxb7 d5 22. Qe7 c4 23. Qg5 Rac8 24. Qxh5 f6 25. c3 Ne5 26. d4 cxd3 27. Bf4 Ng6 28. Bd6 Rfd8 29. Bc5 Nf4+ 0-1

[Event "Titled Tuesday intern op 15th Aug Early"]
[Site "Chess.com INT"]
[Date "2023.08.15"]
[Round "1"]
[White "Vasques, Antonio Pedro Freix"]
[Black "Turayev, Shahruh"]
[Result "1-0"]
[WhiteElo "2238"]
[BlackElo "2193"]
[PlyCount "73"]
[EventDate "2023.08.15"]
[EventType "swiss (blitz)"]
[EventRounds "11"]
[EventCountry "USA"]
[SourceTitle "EXT 2024"]
[Source "ChessBase"]
[SourceDate "2023.10.10"]
[SourceVersion "1"]
[SourceVersionDate "2023.10.10"]
[SourceQuality "1"]

1. e4 d5 2. exd5 Qxd5 3. Nc3 Qa5 4. Nf3 Nf6 5. Bc4 Nc6 6. d3 Bg4 7. h3 Qh5 8. Bb5 e6 9. Bd2 Bd6 10. Qe2 0-0 11. Bxc6 bxc6 12. Ne4 Nxe4 13. Qxe4 Bxf3 14. gxf3 Qd5 15. Rg1 f5 16. Qc4 Be5 17. 0-0-0 Rab8 18. Bc3 Bxc3 19. Qxc3 Rf7 20. Rg3 Re8 21. Rdg1 Ree7 22. f4 h6 23. b3 Kh7 24. h4 Qd6 25. Qe5 Qxe5 26. fxe5 f4 27. Rg4 Rf5 28. d4 c5 29. dxc5 Rd7 30. Rd1 Rxd1+ 31. Kxd1 Rxe5 32. Rxf4 Rxc5 33. c4 Kg6 34. Kd2 a5 35. Kc3 Rf5 36. Rxf5 exf5 37. a4 1-0

[Event "Titled Tuesday intern op 08th Aug Early"]
[Site "Chess.com INT"]
[Date "2023.08.08"]
[Round "2"]
[White "Burmakin, Vladimir"]
[Black "Vasques, Antonio Pedro Freix"]
[Result "1-0"]
[WhiteElo "2476"]
[BlackElo "2238"]
[PlyCount "95"]
[EventDate "2023.08.08"]
[EventType "swiss (blitz)"]
[EventRounds "11"]
[EventCountry "USA"]
[SourceTitle "EXT 2024"]
[Source "ChessBase"]
[SourceDate "2023.10.10"]
[SourceVersion "1"]
[SourceVersionDate "2023.10.10"]
[SourceQuality "1"]

1. c4 b6 2. Nf3 Bb7 3. d4 e6 4. Nc3 Nf6 5. Bf4 Bb4 6. Rc1 0-0 7. e3 c5 8. dxc5 Bxc5 9. Bd3 d5 10. 0-0 dxc4 11. Bxc4 Qxd1 12. Rfxd1 Nc6 13. a3 Rfd8 14. Nb5 a6 15. Nc7 Rxd1+ 16. Rxd1 Rc8 17. Nxa6 Be7 18. Bb5 Nd5 19. Bg3 Na7 20. Bf1 Rc2 21. b4 Nc3 22. Ra1 Ne2+ 23. Bxe2 Rxe2 24. Nc7 g5 25. Nd4 Rb2 26. Ndb5 Nc6 27. Rd1 h5 28. h3 h4 29. Bd6 Ra2 30. Bxe7 Nxe7 31. Rd7 Nd5 32. Nxe6 fxe6 33. Rxb7 Nf6 34. Rxb6 Ne4 35. Rxe6 Ra1+ 36. Kh2 Nxf2 37. g4 Nd3 38. Rf6 Ra2+ 39. Kg1 Re2 40. Rf5 Rxe3 41. Rxg5+ Kf7 42. a4 Kf6 43. Rf5+ Ke6 44. a5 Nxb4 45. Nd4+ Kd6 46. Rb5 Nd5 47. Nf5+ Ke5 48. Nxe3 1-0

[Event "Titled Tuesday intern op 08th Aug Late"]
[Site "Chess.com INT"]
[Date "2023.08.08"]
[Round "2"]
[White "Chor, Kevin"]
[Black "Vasques, Antonio Pedro Freix"]
[Result "1-0"]
[WhiteElo "1944"]
[BlackElo "2238"]
[PlyCount "51"]
[EventDate "2023.08.08"]
[EventType "swiss (blitz)"]
[EventRounds "11"]
[EventCountry "USA"]
[SourceTitle "EXT 2024"]
[Source "ChessBase"]
[SourceDate "2023.10.10"]
[SourceVersion "1"]
[SourceVersionDate "2023.10.10"]
[SourceQuality "1"]

1. e4 c5 2. Nf3 d6 3. d4 Nf6 4. Nc3 cxd4 5. Nxd4 a6 6. Be2 g6 7. Be3 Bg7 8. Qd2 0-0 9. Bh6 Nc6 10. Bxg7 Kxg7 11. h4 h5 12. 0-0-0 Qa5 13. Nb3 Qb4 14. a3 Qb6 15. f3 Be6 16. Nd5 Bxd5 17. exd5 Ne5 18. g4 Rac8 19. Kb1 a5 20. gxh5 a4 21. Nd4 Nxh5 22. Rdg1 Nc4 23. Bxc4 Rxc4 24. Nf5+ Kg8 25. Qh6 Qf2 26. Nxe7# 1-0

[Event "Titled Tuesday intern op 08th Aug Late"]
[Site "Chess.com INT"]
[Date "2023.08.08"]
[Round "1"]
[White "Kucza, Karol"]
[Black "Vasques, Antonio Pedro Freix"]
[Result "1-0"]
[WhiteElo "2343"]
[BlackElo "2238"]
[PlyCount "123"]
[EventDate "2023.08.08"]
[EventType "swiss (blitz)"]
[EventRounds "11"]
[EventCountry "USA"]
[SourceTitle "EXT 2024"]
[Source "ChessBase"]
[SourceDate "2023.10.10"]
[SourceVersion "1"]
[SourceVersionDate "2023.10.10"]
[SourceQuality "1"]

1. e4 c5 2. Nf3 Nc6 3. d4 cxd4 4. Nxd4 e5 5. Nb5 d6 6. c4 Be7 7. Be2 f5 8. exf5 Bxf5 9. N1c3 a6 10. Na3 Nf6 11. 0-0 0-0 12. Nc2 Qe8 13. Ne3 Be6 14. Ncd5 Rc8 15. Nxf6+ Rxf6 16. Nd5 Rf8 17. Bg4 Nd4 18. Bxe6+ Nxe6 19. b3 Bd8 20. Be3 Qg6 21. h3 Kh8 22. Qg4 Qxg4 23. hxg4 Bg5 24. Bxg5 Nxg5 25. Rad1 Ne4 26. f3 Nc5 27. Ne7 Rcd8 28. Nf5 Rf6 29. Rfe1 g6 30. Ne3 Ne6 31. Nd5 Rff8 32. Nc3 Nd4 33. Ne2 Ne6 34. Rd2 b5 35. cxb5 axb5 36. Nc3 Nd4 37. Ne2 Nc6 38. Rc1 Nb4 39. a3 Na6 40. b4 d5 41. Nc3 Nc7 42. Rcd1 d4 43. Ne4 Nd5 44. Rc1 Rc8 45. Rc5 Rxc5 46. bxc5 Rc8 47. Rb2 Nc3 48. c6 Rxc6 49. Nf2 Ra6 50. Rb3 Kg7 51. g5 Kf7 52. Nd3 Ke6 53. Nc5+ Kd5 54. Nxa6 Kc4 55. Rb4+ Kd3 56. Rb2 Nd1 57. Rxb5 e4 58. fxe4 Nc3 59. Rb7 Kxe4 60. Rxh7 d3 61. Nc5+ Kd4 62. Nxd3 1-0

[Event "Titled Tuesday intern op 01st Aug Early"]
[Site "Chess.com INT"]
[Date "2023.08.01"]
[Round "3"]
[White "Vasques, Antonio Pedro Freix"]
[Black "Eynullayev, Atilla Elshan"]
[Result "1/2-1/2"]
[WhiteElo "2238"]
[BlackElo "2265"]
[PlyCount "77"]
[EventDate "2023.08.01"]
[EventType "swiss (blitz)"]
[EventRounds "11"]
[EventCountry "USA"]
[SourceTitle "EXT 2024"]
[Source "ChessBase"]
[SourceDate "2023.10.10"]
[SourceVersion "1"]
[SourceVersionDate "2023.10.10"]
[SourceQuality "1"]

1. e4 c5 2. Nf3 d6 3. d4 cxd4 4. Nxd4 Nf6 5. Nc3 a6 6. Be2 e5 7. Nb3 Be7 8. 0-0 0-0 9. a4 Be6 10. a5 Nbd7 11. Be3 Rc8 12. f4 Rxc3 13. bxc3 Nxe4 14. Bf3 f5 15. Bxe4 fxe4 16. f5 Bc4 17. Rf2 Bg5 18. Bxg5 Qxg5 19. Qxd6 e3 20. Rf3 Rxf5 21. Qxd7 Rxf3 22. Qc8+ Rf8 23. Qxc4+ Kh8 24. Rf1 Rxf1+ 25. Qxf1 h5 26. Qf8+ Kh7 27. Qb4 Qf5 28. Qh4 Qxc2 29. Qxh5+ Kg8 30. Qe8+ Kh7 31. Qh5+ Kg8 32. h4 Qxb3 33. Qxe5 Qd1+ 34. Kh2 e2 35. Qe8+ Kh7 36. Qh5+ Kg8 37. Qe8+ Kh7 38. Qh5+ Kg8 39. Qe8+ 1/2-1/2

[Event "Titled Tuesday intern op 01st Aug Early"]
[Site "Chess.com INT"]
[Date "2023.08.01"]
[Round "4"]
[White "Vasques, Antonio Pedro Freix"]
[Black "Gruzman, Ilya"]
[Result "0-1"]
[WhiteElo "2238"]
[BlackElo "2151"]
[PlyCount "66"]
[EventDate "2023.08.01"]
[EventType "swiss (blitz)"]
[EventRounds "11"]
[EventCountry "USA"]
[SourceTitle "EXT 2024"]
[Source "ChessBase"]
[SourceDate "2023.10.10"]
[SourceVersion "1"]
[SourceVersionDate "2023.10.10"]
[SourceQuality "1"]

1. d4 d5 2. Nf3 e6 3. c4 c5 4. cxd5 exd5 5. Nc3 Nf6 6. Bg5 Be6 7. e3 Nc6 8. Be2 Be7 9. 0-0 0-0 10. dxc5 Bxc5 11. Rc1 Bb6 12. Nb5 Rc8 13. Qd2 Ne4 14. Bxd8 Nxd2 15. Bxb6 Nxf3+ 16. Bxf3 axb6 17. Nd6 Ra8 18. Nxb7 Ne5 19. a3 Nc4 20. b3 Nxa3 21. Nd6 Rfd8 22. Rc6 Rab8 23. Rd1 Bd7 24. Rc7 Be6 25. Ra1 Rxd6 26. Rxa3 d4 27. exd4 Rxd4 28. g3 Bh3 29. Ra1 Rd3 30. Bg2 Bxg2 31. Kxg2 Rxb3 32. Raa7 Rf8 33. Rab7 g6 0-1

[Event "Titled Tuesday intern op 01st Aug Late"]
[Site "Chess.com INT"]
[Date "2023.08.01"]
[Round "6"]
[White "Vasques, Antonio Pedro Freix"]
[Black "Gundam, Rohit"]
[Result "1-0"]
[WhiteElo "2238"]
[BlackElo "2058"]
[PlyCount "55"]
[EventDate "2023.08.01"]
[EventType "swiss (blitz)"]
[EventRounds "11"]
[EventCountry "USA"]
[SourceTitle "EXT 2024"]
[Source "ChessBase"]
[SourceDate "2023.10.10"]
[SourceVersion "1"]
[SourceVersionDate "2023.10.10"]
[SourceQuality "1"]

1. d4 Nf6 2. Bg5 e6 3. e4 h6 4. Bxf6 Qxf6 5. Nf3 c5 6. e5 Qd8 7. Bd3 Nc6 8. 0-0 cxd4 9. Nbd2 d6 10. Nc4 dxe5 11. Nfxe5 Nxe5 12. Nxe5 a6 13. Qf3 Qf6 14. Qe4 Bc5 15. f4 Qe7 16. Rae1 Qc7 17. a3 Bd7 18. b4 Ba7 19. Nxd7 Qxd7 20. f5 0-0-0 21. fxe6 fxe6 22. Qxe6 Rhe8 23. Qxd7+ Kxd7 24. Rf7+ Kc6 25. Re4 Bb8 26. a4 Bd6 27. b5+ axb5 28. Bxb5+ 1-0

[Event "Famalicao op 10th"]
[Site "Vila Nova de Famalicao"]
[Date "2023.07.24"]
[Round "1"]
[White "Vasques, Antonio Pedro Freix"]
[Black "Hares, Guilherme Monteiro"]
[Result "1-0"]
[WhiteElo "2223"]
[BlackElo "1279"]
[PlyCount "89"]
[EventDate "2023.07.24"]
[EventType "swiss"]
[EventRounds "9"]
[EventCountry "POR"]
[SourceTitle "EXT 2024"]
[Source "ChessBase"]
[SourceDate "2023.10.10"]
[SourceVersion "1"]
[SourceVersionDate "2023.10.10"]
[SourceQuality "1"]

1. e4 e5 2. Nf3 Nf6 3. d3 Nc6 4. g3 d5 5. exd5 Nxd5 6. Bg2 Bc5 7. 0-0 0-0 8. Nc3 Nxc3 9. bxc3 h6 10. Re1 Qd6 11. Nd2 f5 12. Nc4 Qf6 13. Bxc6 bxc6 14. Rxe5 Bd6 15. f4 Ba6 16. Nxd6 cxd6 17. Re3 Qxc3 18. Rb1 Rac8 19. Qd2 Qxd2 20. Bxd2 Rb8 21. Rb3 Rxb3 22. axb3 Kf7 23. Re1 Bb7 24. Kf2 Re8 25. Ra1 a6 26. Ra4 c5 27. Be3 Ke6 28. b4 cxb4 29. Rxb4 Bc8 30. Bb6 Kd7 31. Rc4 g5 32. Rc7+ Ke6 33. Rh7 Kd5 34. Rxh6 gxf4 35. gxf4 Re7 36. h4 Rb7 37. c4+ Kc6 38. c5 Rd7 39. h5 Kd5 40. Rxd6+ Rxd6 41. cxd6 Ke6 42. Bd4 Kf7 43. Ke3 Bd7 44. Be5 Ke6 45. h6 1-0

[Event "Titled Tuesday intern op 04th Jul Late"]
[Site "Chess.com INT"]
[Date "2023.07.04"]
[Round "8"]
[White "Hartikainen, Jarmo"]
[Black "Vasques, Antonio Pedro Freix"]
[Result "1-0"]
[WhiteElo "2108"]
[BlackElo "2223"]
[PlyCount "45"]
[EventDate "2023.07.04"]
[EventType "swiss (blitz)"]
[EventRounds "11"]
[EventCountry "USA"]
[SourceTitle "EXT 2024"]
[Source "ChessBase"]
[SourceDate "2023.10.10"]
[SourceVersion "1"]
[SourceVersionDate "2023.10.10"]
[SourceQuality "1"]

1. e4 c5 2. c3 Nf6 3. e5 Nd5 4. d4 cxd4 5. Nf3 Nc6 6. cxd4 d6 7. Nc3 Nxc3 8. bxc3 dxe5 9. dxe5 Qxd1+ 10. Kxd1 Bg4 11. Bf4 Bxf3+ 12. gxf3 e6 13. Bb5 0-0-0+ 14. Kc2 Be7 15. Bxc6 bxc6 16. Rab1 Rd5 17. Rb3 Rhd8 18. Rhb1 Kd7 19. Rb7+ Ke8 20. Rxa7 g5 21. Be3 Rxe5 22. Rbb7 Bf8 23. Rxf7 1-0

[Event "Titled Tuesday intern op 04th Jul Late"]
[Site "Chess.com INT"]
[Date "2023.07.04"]
[Round "5"]
[White "Palencia Morales, Wilson Guillermo"]
[Black "Vasques, Antonio Pedro Freix"]
[Result "0-1"]
[WhiteElo "2300"]
[BlackElo "2223"]
[PlyCount "92"]
[EventDate "2023.07.04"]
[EventType "swiss (blitz)"]
[EventRounds "11"]
[EventCountry "USA"]
[SourceTitle "EXT 2024"]
[Source "ChessBase"]
[SourceDate "2023.10.10"]
[SourceVersion "1"]
[SourceVersionDate "2023.10.10"]
[SourceQuality "1"]

1. d4 Nf6 2. c4 e6 3. Nf3 Bb4+ 4. Nbd2 0-0 5. a3 Be7 6. e4 d5 7. e5 Nfd7 8. Qc2 c5 9. dxc5 Nxc5 10. b4 Ncd7 11. Bb2 a5 12. b5 dxc4 13. Nxc4 Nb6 14. Nxb6 Qxb6 15. Bd4 Qd8 16. Bd3 h6 17. 0-0 Nd7 18. Rfd1 b6 19. Be4 Ra7 20. Bc6 Qc7 21. Rac1 Nc5 22. a4 Bb7 23. Bxc5 Bxc5 24. Rd7 Qc8 25. Rcd1 Bxc6 26. Rxa7 Bxf3 27. gxf3 Qb8 28. Rdd7 Qxe5 29. Qe4 Qa1+ 30. Kg2 Qa2 31. Qh4 g5 32. Qg3 Qxa4 33. Qe5 Qc2 34. Qe1 Qb2 35. Qd2 Qxb5 36. h4 Qb4 37. hxg5 Qxd2 38. Rxd2 hxg5 39. Rdd7 Kg7 40. Rdb7 Kf6 41. Kf1 e5 42. Ke2 Ke6 43. Rc7 f6 44. Kd3 Rd8+ 45. Kc4 Rd4+ 46. Kb5 Rf4 0-1

[Event "Titled Tuesday intern op 04th Jul Early"]
[Site "Chess.com INT"]
[Date "2023.07.04"]
[Round "4"]
[White "Vasques, Antonio Pedro Freix"]
[Black "Golubev, Mikhail"]
[Result "0-1"]
[WhiteElo "2223"]
[BlackElo "2461"]
[PlyCount "55"]
[EventDate "2023.07.04"]
[EventType "swiss (blitz)"]
[EventRounds "11"]
[EventCountry "USA"]
[SourceTitle "EXT 2024"]
[Source "ChessBase"]
[SourceDate "2023.10.10"]
[SourceVersion "1"]
[SourceVersionDate "2023.10.10"]
[SourceQuality "1"]

1. e4 c5 2. Nc3 e6 3. Nf3 a6 4. d4 cxd4 5. Nxd4 Qc7 6. g3 Nf6 7. Bg2 d6 8. 0-0 Bd7 9. a4 Nc6 10. Nb3 Be7 11. a5 0-0 12. g4 d5 13. exd5 exd5 14. Nxd5 Nxd5 15. Bxd5 Rad8 16. Bg2 Nb4 17. Bd2 Bc6 18. Qe2 Bb5 19. c4 Bxc4 20. Rfc1 Nd3 21. Rc3 Bf6 22. Rc2 Rfe8 23. Qf3 Ne5 24. Qg3 Qd6 25. Bf4 Qd3 26. Bxe5 Qxc2 27. Nd4 Rxd4 28. Bxd4 0-1

[Event "Titled Tuesday intern op 04th Jul Early"]
[Site "Chess.com INT"]
[Date "2023.07.04"]
[Round "8"]
[White "Vasques, Antonio Pedro Freix"]
[Black "Pandey, Srishti"]
[Result "1-0"]
[WhiteElo "2223"]
[BlackElo "2133"]
[PlyCount "59"]
[EventDate "2023.07.04"]
[EventType "swiss (blitz)"]
[EventRounds "11"]
[EventCountry "USA"]
[SourceTitle "EXT 2024"]
[Source "ChessBase"]
[SourceDate "2023.10.10"]
[SourceVersion "1"]
[SourceVersionDate "2023.10.10"]
[SourceQuality "1"]

1. d4 Nf6 2. Bg5 Ne4 3. Bf4 c5 4. f3 Nf6 5. d5 e6 6. e4 exd5 7. exd5 Nh5 8. Be3 Bd6 9. Nc3 0-0 10. Qd2 Re8 11. Nge2 a6 12. 0-0-0 b5 13. Kb1 Qa5 14. Ne4 Qxd2 15. Rxd2 Bf8 16. Bxc5 f5 17. Bxf8 fxe4 18. Bd6 Bb7 19. fxe4 Rxe4 20. g3 Nf6 21. Bg2 Re8 22. Nc3 b4 23. Bxb4 a5 24. Bc5 Na6 25. Bd4 Nb4 26. Bxf6 gxf6 27. a3 Na6 28. Rf1 Kg7 29. Ne4 f5 30. Nd6 1-0

[Event "Titled Tuesday intern op 04th Jul Early"]
[Site "Chess.com INT"]
[Date "2023.07.04"]
[Round "3"]
[White "Vasques, Antonio Pedro Freix"]
[Black "Parpiev, Isaak"]
[Result "1/2-1/2"]
[WhiteElo "2223"]
[BlackElo "2123"]
[PlyCount "92"]
[EventDate "2023.07.04"]
[EventType "swiss (blitz)"]
[EventRounds "11"]
[EventCountry "USA"]
[SourceTitle "EXT 2024"]
[Source "ChessBase"]
[SourceDate "2023.10.10"]
[SourceVersion "1"]
[SourceVersionDate "2023.10.10"]
[SourceQuality "1"]

1. e4 d5 2. exd5 Qxd5 3. Nc3 Qe5+ 4. Be2 Bg4 5. d4 Bxe2 6. Ngxe2 Qa5 7. 0-0 Nf6 8. b4 Qxb4 9. Rb1 Qd6 10. Rxb7 Qc6 11. Rb3 e6 12. Nf4 Bd6 13. d5 Qc4 14. Qf3 e5 15. Nd3 0-0 16. Re1 Nbd7 17. Bg5 Rfe8 18. Nb2 Qa6 19. Bxf6 Nxf6 20. Nb5 e4 21. Qe2 Qxa2 22. Nxd6 cxd6 23. Nc4 Rad8 24. Ra3 Qxa3 25. Nxa3 Nxd5 26. Nb5 a6 27. Nd4 g6 28. Qxa6 Kg7 29. g3 Nf6 30. c4 Rc8 31. Nb5 Rcd8 32. Nxd6 Re6 33. c5 h5 34. Rd1 e3 35. fxe3 Rd7 36. Qc8 Rde7 37. c6 Rxe3 38. c7 Rc3 39. Nb5 Rc2 40. Qd8 Ree2 41. Qd4 Rg2+ 42. Kf1 Rxh2 43. Kg1 Rcg2+ 44. Kf1 Rc2 45. Rd2 Rc1+ 46. Rd1 Rcc2 1/2-1/2